Stades de la finale du Championnat d'Europe - Statistiques

Statistiques générales
  • Ce quiz a été pris 29 fois
  • Le résultat moyen est 5 sur 14
Statistiques - réponses
Par images Réponse % Correct
Parc des Princes - Paris
100%
Stade Santiago-Bernabéu - Madrid
93%
Stade de Wembley - Londres
57%
Stade de France - Paris
46%
Stade olympique de Berlin - Berlin
39%
Stade olympique de Kiev - Kiev
39%
Stade olympique de Munich - Munich
39%
Stade olympique de Rome - Rome
39%
Estádio da Luz - Lisbonne
21%
Stade Roi Baudouin - Bruxelles
18%
Stade Ernst-Happel - Vienne
14%
Stade Feijenoord - Rotterdam
14%
Ullevi - Göteborg
14%
Stade de l'Étoile rouge - Belgrade
11%
Aucun quiz correspondant
Distribution des résultats
% des personnes avec chaque résultat
Percentile par nombre de réponses
Votre historique - résultats
Vous n’avez pas pris ce quiz